Ultrastructure macromolecules and evolution (Record no. 36408)

MARC details
000 -LEADER
fixed length control field 00383nam a2200145Ia 4500
082 ## - DEWEY DECIMAL CLASSIFICATION NUMBER
Classification number 576.3
Item number DIL
100 ## - MAIN ENTRY--AUTHOR NAME
Personal name Dillon, Lawrence S
245 #0 - TITLE STATEMENT
Title Ultrastructure macromolecules and evolution
260 ## - PUBLICATION, DISTRIBUTION, ETC. (IMPRINT)
Place of publication New York
Name of publisher Plenum
Year of publication 1981
650 ## - SUBJECT ADDED ENTRY--TOPICAL TERM
Topical Term Biological membrane
650 ## - SUBJECT ADDED ENTRY--TOPICAL TERM
Topical Term Cell motility
650 ## - SUBJECT ADDED ENTRY--TOPICAL TERM
Topical Term Microtubules
942 ## - ADDED ENTRY ELEMENTS (KOHA)
Koha item type Books
Holdings
Withdrawn status Lost status Damaged status Not for loan Home library Current library Date acquired Full call number Accession Number Koha item type
        RRII Library RRII Library 16/12/2021 576.3 DIL 16814 Books